Effectivité des droits économiques, sociaux et culturels : (Record no. 43054)

MARC details
000 -LEADER
fixed length control field 01004 a2200253 4500
003 - CONTROL NUMBER IDENTIFIER
control field 0
005 - DATE AND TIME OF LATEST TRANSACTION
control field 20160609163342.0
008 - FIXED-LENGTH DATA ELEMENTS--GENERAL INFORMATION
fixed length control field 120605t xxu||||| |||| 00| 0 eng d
040 ## - SOURCE DU CATALOGAGE
Original cataloging agency BUAC
Language of cataloging Fre.
Transcribing agency BUC
041 ## - CODE DE LANGUE
Language code of text/sound track or separate title Fre.
100 ## - VEDETTE PRINCIPALE - NOM DE PERSONNE
Language of a work Fre
9 (RLIN) 21054
110 ## - VEDETTE PRINCIPALE - NOM DE COLLECTIVITE
Corporate name or jurisdiction name as entry element Chaire Unesco des Droit de la Personne et de la Démocratie. Bénin
9 (RLIN) 21055
245 ## - TITLE STATEMENT
Title Effectivité des droits économiques, sociaux et culturels :
Remainder of title fin et moyen du développement
Statement of responsibility, etc Textes réunis par Victor Tokpanou, Cyprien Gangnon
260 ## - PUBLICATION, DISTRIBUTION, ETC. (IMPRINT)
Place of publication, distribution, etc Cotonou
Name of publisher, distributor, etc Ed. Agence Intergouvernementale de la francophonie
Date of publication, distribution, etc 2004
300 ## - PHYSICAL DESCRIPTION
Extent 295 p.
Dimensions 22 cm
500 ## - GENERAL NOTE
General note Le document est l'acte d'un colloque organisé par l'Observatoire de la diversité et des droits culturels
630 ## - SUBJECT ADDED ENTRY--UNIFORM TITLE
Uniform title SCIENCES SOCIALES
9 (RLIN) 21056
650 ## - SUBJECT ADDED ENTRY--TOPICAL TERM
Topical term or geographic name as entry element Droits de l'homme : économie : culture : société
9 (RLIN) 21057
650 ## - SUBJECT ADDED ENTRY--TOPICAL TERM
Topical term or geographic name as entry element Démocratie :
9 (RLIN) 21058
700 ## - ADDED ENTRY--PERSONAL NAME
Personal name Ed., Tokpanou Victor
9 (RLIN) 21059
700 ## - ADDED ENTRY--PERSONAL NAME
Personal name angnon, Ed., Cyprien
9 (RLIN) 21060
942 ## - ADDED ENTRY ELEMENTS (KOHA)
Koha item type Livre
Holdings
Withdrawn status Lost status Damaged status Not for loan Location (home branch) Sublocation or collection (holding branch) Date acquired Source of acquisition Koha issues (times borrowed) Koha full call number Piece designation (barcode) Koha date last seen Copy number Price effective from Koha item type
        Bibliothèque Universitaire Centrale Bibliothèque Universitaire Centrale   DON   349.3 CHA 11-149Buc 29/05/2012 1 29/05/2012  
        Bibliothèque Universitaire Centrale Bibliothèque Universitaire Centrale   Don de l'auteur   342.3 CHA   05/06/2012 2 05/06/2012 Livre


© 2008, Bibliothèques de l'Université d'Abomey-Calavi

04 BP 789 Cotonou, Tél. : +229 21 36 01 01, Fax : +229 21 35 06 32

Courriel : bu@bu.uac.bj